| 000 | 00442nam a22001817a 4500 | ||
|---|---|---|---|
| 005 | 20250320153110.0 | ||
| 008 | 250320b |||||||| |||| 00| 0 eng d | ||
| 020 |
_a9789332555105 _c1140.00 |
||
| 040 | _aMAIN | ||
| 041 | _aEnglish | ||
| 082 |
_a576.5 _bSTR |
||
| 100 |
_aStrickberger, Monroe W. _925405 |
||
| 245 | _aGenetics | ||
| 260 |
_aNew Delhi _bPearson _c2023 |
||
| 300 | _a842 | ||
| 650 |
_aBiological Science _914046 |
||
| 942 | _cBK | ||
| 999 |
_c59507 _d59507 |
||